000 00199nam a22000857a 4500
001 1235281
005 20250930120835.0
245 _aTROYA MASALI
_cAZRA ERHAT
260 _bGÜNIŞIĞI KİTAPLIĞI YAYINLARI
999 _c1235281
_d1235281